[Event "Equeurdreville UST op"]
[Site "Equeurdreville"]
[Date "2012.09.29"]
[Round "1"]
[White "Vanneste, Axel"]
[Black "Bavinckhove, Zoltan"]
[Result "0-1"]
[WhiteElo "1199"]
[BlackElo "1430"]
[PlyCount "38"]
[EventDate "2012.09.29"]
[EventType "swiss"]
[EventRounds "5"]
[EventCountry "FRA"]
[SourceTitle "EXT 2014"]
[Source "ChessBase"]
[SourceDate "2013.11.20"]
[SourceVersion "1"]
[SourceVersionDate "2013.11.20"]
[SourceQuality "1"]

1. e4 e5 2. Nf3 Nc6 3. Nc3 Nf6 4. Bc4 Bc5 5. Ng5 0-0 6. 0-0 d6 7. d3 Bg4 8. Ne2 Nd4 9. Be3 Bxe2 10. Qe1 Bxf1 11. Kxf1 Nxc2 12. Qc1 Nxa1 13. Bxc5 dxc5 14. Qxa1 Ng4 15. Bxf7+ Rxf7 16. Nxf7 Kxf7 17. Kg1 Qxd3 18. Qc1 Kg8 19. Qxc5 Qd1# 0-1